Detalles MARC
| 000 -CABECERA |
| campo de control de longitud fija |
00961nam a2200241 a 4500 |
| 001 - NÚMERO DE CONTROL |
| campo de control |
000010849 |
| 005 - FECHA Y HORA DE LA ÚLTIMA TRANSACCIÓN |
| campo de control |
20240302073952.0 |
| 008 - DATOS DE LONGITUD FIJA--INFORMACIÓN GENERAL |
| campo de control de longitud fija |
091012s2005 dr 000 0 spa d |
| 020 ## - NÚMERO INTERNACIONAL ESTÁNDAR DEL LIBRO |
| Número Internacional Estándar del Libro |
9993479519 |
| 040 ## - FUENTE DE LA CATALOGACIÓN |
| Centro catalogador/agencia de origen |
DO-SdBNP |
| 082 ## - NÚMERO DE LA CLASIFICACIÓN DECIMAL DEWEY |
| Número de clasificación |
RD861.44 |
| Número de documento/Ítem |
R789cr |
| 049 ## - FONDOS LOCALES (OCLC) |
| Fondos de biblioteca |
BNPD |
| 100 1# - ENTRADA PRINCIPAL--NOMBRE DE PERSONA |
| Nombre de persona |
Rosario Candelier, Bruno, |
| Fechas asociadas al nombre |
1941- |
| 9 (RLIN) |
851 |
| 245 13 - MENCIÓN DE TÍTULO |
| Título |
La creación cosmopoética : |
| Resto del título |
el sentido cósmico y el sentido estético en las letras universales / |
| Mención de responsabilidad, etc. |
Bruno Rosario Candelier. |
| 246 14 - FORMA VARIANTE DE TÍTULO |
| Título propio/Titulo breve |
La creación cosmopoética : |
| Resto del título |
el sentido cósmico y el sentido estético en la creación poética / |
| 260 ## - PUBLICACIÓN, DISTRIBUCIÓN, ETC. |
| Lugar de publicación, distribución, etc. |
Santo Domingo : |
| Nombre del editor, distribuidor, etc. |
Academia Dominicana de la Lengua, |
| Fecha de publicación, distribución, etc. |
2005. |
| 300 ## - DESCRIPCIÓN FÍSICA |
| Extensión |
556 p. ; |
| Dimensiones |
23 cm. |
| 490 1# - MENCIÓN DE SERIE |
| Mención de serie |
A la zaga de tu huella |
| Designación de volumen o secuencia |
3 |
| 500 ## - NOTA GENERAL |
| Nota general |
Incluye notas al pie de página |
| 500 ## - NOTA GENERAL |
| Nota general |
Incluye datos biográficos del autor en la contracubierta |
| 650 #4 - PUNTO DE ACCESO ADICIONAL DE MATERIA--TÉRMINO DE MATERIA |
| Término de materia o nombre geográfico como elemento de entrada |
Poesía dominicana |
| Subdivisión general |
Historia y crítica |
| 9 (RLIN) |
13072 |
| 830 #0 - PUNTO DE ACCESO ADICIONAL DE SERIE-TÍTULO UNIFORME |
| Título uniforme |
A la zaga de tu huella |
| Número de parte o sección de la obra |
3 |
| 9 (RLIN) |
26174 |